Geçmişten günümüze sanat kurumu ödülleri (Record no. 1136)

MARC details
000 -BAŞLIK
Sabit Uzunlukta Kontrol Alanı 00659na a2200217 4500
001 - KONTROL NUMARASI
Denetim Alanı 21850
003 - KONTROL NUMARASI IDENTIFIER
Denetim Alanı MIRAKIL
005 - SON İŞLEM TARİHİ VE ZAMANI
Denetim Alanı 20181213154813.0
008 - SABİT-BOY VERİ ELEMANLARI - GENEL BİLGİLER
Sabit Uzunlukta Kontrol Alanı 170208b tu 000 0
040 ## - KATALOGLAMA KAYNAK
Orijinal Kataloglama Ajansı Milas
Kataloglama Dili tur
Metne Dönüştürmek Ajansı TR-AnCHP
041 ## - DİL KODU
Metin / Ses Parça Veya Ayrı Başlığın Dil Kodu tur
082 ## - DEWEY ONLU SINIFLANDIRMA NUMARASI
Sınıflandırma Numarası 700.02
Ürün Numarası G31 [t.y.]
090 ## - SINIFLAMA NUMARASI
Sınıflama Numarası 700.02 G31 [t.y.]
245 ## - BAŞLIK TABLOSU
Başlık Geçmişten günümüze sanat kurumu ödülleri
Sorumluluk Tablosu, Vb [Yayına hazırlayan] Mürşide İçmeli
260 ## - YAYIN, DAĞITIM, VB
Yayın, Dağıtım, Vb Yeri [y.y.]
Yayıncı, Dağıtıcı, Vs Adı [yayl.y.]
Yayın, Dağıtım, Vb Tarihi [t.y.]
Üretici Firma Güzeliş Ofset
300 ## - FİZİKSEL TANIM
Kapsam 171 s.
Diğer Fiziksel Ayrıntıları fotğ.
Boyutlar 27 sm.
650 ## - KONU KATMA GİRİŞ - TOPİKAL DÖNEM
Topikal Süreli Veya Coğrafi Ad Giriş Elemanı Sanatçılar
Genel Alt Bölümü Ödüller
Coğrafi Alt Bölümü Türkiye
650 ## - KONU KATMA GİRİŞ - TOPİKAL DÖNEM
Topikal Süreli Veya Coğrafi Ad Giriş Elemanı Sanat ödülleri
Genel Alt Bölümü Kataloglar
700 ## - KATMA GİRİŞ - KİŞİSEL İSİM
Kişisel Ad İçmeli, Mürşide
942 ## - EKLENDİ GİRİŞ ELEMANLARI (KOHA)
Sınıflandırma Veya Raf Düzeni Kaynak Dewey Decimal Classification
Koha Öğesi Türü Books
999 ## - SİSTEM KONTROL NUMARALARI (KOHA)
Koha Biblionumber 1136
Koha Biblioitemnumber 1136
Holdings
Kalıcı Konum Mevcut Konum Edinme Tarihi Edinim Kaynak Toplam Check-Out'Lar Tam Çağrı Numarası Barkod Tarih Son Görülme İtibaren Geçerli Fiyatlar Koha Öğesi Türü
CHP Kütüphanesi CHP Kütüphanesi 02/08/2017 Bağış   700.02 G31 [t.y.] 012909 02/08/2017 02/08/2017 Books